Audio visual methods in teaching (Record no. 350705)

MARC details
000 -LEADER
fixed length control field 003500000a22001330004500
060 ## - NATIONAL LIBRARY OF MEDICINE CALL NUMBER
Classification number 100
082 ## - DEWEY DECIMAL CLASSIFICATION NUMBER
Classification number 371.335 DAL
100 ## - MAIN ENTRY--PERSONAL NAME
Personal name Dale, Edgar
245 ## - TITLE STATEMENT
Title Audio visual methods in teaching
260 ## - PUBLICATION, DISTRIBUTION, ETC. (IMPRINT)
Date of publication, distribution, etc. 1946
300 ## - PHYSICAL DESCRIPTION
Extent 546
650 ## - SUBJECT ADDED ENTRY--TOPICAL TERM
Topical term or geographic name as entry element Audio visual methods - teaching/ audio - visual material - theore/ audio - visual meterials
942 ## - ADDED ENTRY ELEMENTS (KOHA)
Koha item type Books (General)
Holdings
Withdrawn status Lost status Damaged status Not for loan Home library Current library Date acquired Total Checkouts Full call number Barcode Date last seen Price effective from Koha item type
        College of Agriculture, Vellayani College of Agriculture, Vellayani 02/05/2014   371.335 DAL KAU_COAV-15616 02/05/2014 02/05/2014 Books (General)
Kerala Agricultural University Central Library
Thrissur-(Dt.), Kerala Pin:- 680656, India
Ph : (+91)(487) 2372219
E-mail: librarian@kau.in
Website: http://library.kau.in/